| 000 | 00492nam a2200205Ia 4500 | ||
|---|---|---|---|
| 008 | 150901s9999 xx 000 0 und d | ||
| 041 | _aEnglish | ||
| 082 | _a658 | ||
| 082 | _bCLU/AR | ||
| 100 | _aclutterbuck Susan kernagan | ||
| 100 | _eAuthor | ||
| 245 | _aArt of HRD; power of enpowerment V.8 | ||
| 260 | _aLondon | ||
| 260 | _bcrest publishing house | ||
| 260 | _c1999 | ||
| 300 | _a255 Pages | ||
| 365 | _aRs.85 | ||
| 650 | _aManagement | ||
| 942 | _cREF | ||
| 999 |
_c201527 _d201527 |
||